000 00731nam a2200217Ii 4500
003 JO-AjNU
008 230605s9999||||xx |||||||||||||| ||und||
017 _a2007/3/679
040 _aJO-AjNU
_bara
_erda
_cJO-AjNU
041 _aara
050 1 4 _aBP173.75.H3534 2008
100 3 _aحمدان، فتحي ابراهيم,
_eauthor
_931080
245 0 0 _aالإقتصاد الإسلامي بين آفاق التنمية ومعوقاتها
250 _aط1
264 3 1 _aعمان: دار الفاروق للنشر والتوزيع، 2008
300 _a248ص
336 _atext
_btxt
_2rdacontent
337 _aunmediated
_bn
_2rdamedia
338 _avolume
_bnc
_2rdacarrier
650 4 _aالاسلام والاقتصاد
_931081
999 _aA12393
_c15961
_d15961